Ngõ hẻm dưới ánh trăng : Tập truyện ngắn /
Saved in:
| Main Authors: | , |
|---|---|
| Format: | Book (Paper) |
| Language: | Vietnamese |
| Published: |
Hà Nội :
Văn học ,
1982
|
| Tags: |
Add Tag
No Tags, Be the first to tag this record!
|
| Institutions: | Thư viện Trường Đại học Đà Lạt |
|---|
| LEADER | 00641nam a2200265 4500 | ||
|---|---|---|---|
| 001 | DLU020015315 | ||
| 005 | ##8/11/2000 | ||
| 020 | # | # | |a 978- |
| 041 | # | # | |a vie |
| 082 | # | # | |a 833 |b ZW-S |
| 090 | # | # | |a 833 |b ZW-S |
| 100 | # | # | |a Lê Thi |
| 100 | # | # | |a Phùng Đệ |
| 245 | # | # | |a Ngõ hẻm dưới ánh trăng : |b Tập truyện ngắn / |c Phùng Đệ, Lê Thi, Xvaig Xtêfan |
| 260 | # | # | |a Hà Nội : |b Văn học , |c 1982 |
| 300 | # | # | |a 246 tr.; |c 19 cm. |
| 992 | # | # | |a 3024 |
| 994 | # | # | |a DLU |
| 900 | # | # | |a False |
| 911 | # | # | |a Administrator |
| 925 | # | # | |a G |
| 926 | # | # | |a A |
| 927 | # | # | |a SH |
| 980 | # | # | |a Thư viện Trường Đại học Đà Lạt |